Productivity project for engineering industries (Record no. 508442)

000 -LEADER
fixed length control field 00291nam a22000977a 4500
082 ## - DEWEY DECIMAL CLASSIFICATION NUMBER
Classification number T2531x5442
100 ## - MAIN ENTRY--PERSONAL NAME
Personal name India. Ministry of Labour
9 (RLIN) 3172
245 ## - TITLE STATEMENT
Title Productivity project for engineering industries
Statement of responsibility, etc by Ministry of Labour
260 ## - PUBLICATION, DISTRIBUTION, ETC. (IMPRINT)
Place of publication, distribution, etc Bombay
Name of publisher, distributor, etc Productivity Centre
Date of publication, distribution, etc 1955
300 ## - PHYSICAL DESCRIPTION
Extent 92p.
Holdings
Withdrawn status Lost status Source of classification or shelving scheme Damaged status Koha normalized classification for sorting Not for loan Permanent location Current location Date acquired Full call number Barcode Date last seen Price effective from Koha item type
        T_2531X5442   Indian Institute of Public Administration Indian Institute of Public Administration 2019-03-26 T2531x5442 GG33617 2019-03-26 2019-03-26 GG

Powered by Koha